000 01005nam a2200217Ia 4500
003 IN-BaIIA
008 211028s9999 xx 000 0 eng d
020 _a0-7923-5009-X
040 _cIIA Library
080 _a524.3
_bDUS
111 _aInternational Workshop on Dust and Molecules in Evolved Stars
_cManchester, United Kingdom
_d1997 Mar. 24- 27
_924695
245 0 _aDust and molecules in evolved stars
_bproceedings of an international workshop on dust and molecules in evolved stars, held in Manchester, United Kingdom, 24- 27 March, 1997
_cedited by I. Cherchneff and T. J. Millar
260 _aDordrecht
_bKluwer Academic
_c1998
300 _a394p.
650 _aCosmic dust -- Congresses
_924696
650 _aCosmochemistry -- Congresses.
_922643
650 _aStars -- Atmospheres -- Congresses
_924697
700 _aCherchneff, I., ed.
_924698
700 _aMillar, T. J., ed.
_915764
942 _cBK
999 _c14059
_d14059